000 00534nam a2200217Ia 4500
003 OSt
005 20220928144236.0
006 a|||||r|||| 00| 0
007 ta
008 220927b |||||||| |||| 00| 0 eng d
024 _a63815
037 _cTextual
040 _aSDCL
_cSDCL
_beng
041 _2eng
_aeng
082 _aJ681, N4
100 _aMeyerowitz and Somerville
_9507466
245 0 _aAratidopsis
260 _c1994
942 _hJ681, N4
_cTEXL
_2CC
999 _c826839
_d826839